00679nam a22001817a 4500003000400000005001700004008004100021022001300062040000900075050003200084245021900116250001300335260004600348300002500394440001100419500001900430800004800449OSt20230829111332.0140903b xxu||||| |||| 00| 0 eng d a08550840 cWIUC aKRX19.A3.G34(1989-90 vol 2) aThe Ghana law reports 1989-90 volume 2: cases determined by the High Court, the Court of Appeal and the Supreme Court of the Republic of Ghana /cedited by D.R.K. Sankah and assisted by L.K. Agbosu and J.K.E. Edzie aVolume 2 aAccra:bCouncil for law reporting,c1993. axxxiii, 725p.c25cm. vVol. 2 aIncludes index aSankah, D.R.K.aAgbosu, L.K.aEdzie, J.K.E.